000 00275nam a2200109Ia 4500
008 220204s9999 xx 000 0 und d
082 _a331.5.024.54
_bBOW
100 _aBowley, Angela
245 0 _aGuide to manpower planning
260 _aLondon
_bMacmillan
_c1974
942 _cBK
999 _c31801
_d31801